000 00685 a2200229 4500
005 20260401102733.0
008 260325b |||||||| |||| 00| 0 eng d
020 _a9789364558310
_cRs. 1595.00
040 _aMAIN
082 _a336.24
_bS645(31)
100 _aSinghania, Vinod K
245 _aStudents guide to income tax and GST problems & solutions
250 _a31st
260 _bTaxmann Publications
_c2025
_aNew Delhi
300 _av.
650 _aTaxation- Law and Legislation- India
650 _aIncome Tax- Law
650 _aGood and Services Tax(GST)- Law- India
650 _aTaxation- Study and Teaching- India
700 _aSinghania, Monica
942 _cBK
999 _c396352
_d396352